Normal view
MARC view
- Wind turbines
Entry Topical Term
001 - CONTROL NUMBER
- control field: 82362
003 - CONTROL NUMBER IDENTIFIER
- control field: NUST
005 - DATE AND TIME OF LATEST TRANSACTION
- control field: 20210909151022.0
008 - FIXED-LENGTH DATA ELEMENTS
- fixed length control field: 210909|| aca||aabn | a|a d
040 ## - CATALOGING SOURCE
- Original cataloging agency: NUST
- Transcribing agency: NUST
150 ## - HEADING--TOPICAL TERM
- Topical term or geographic name entry element: Wind turbines
670 ## - SOURCE DATA FOUND
- Source citation: Work cat.: (NUST)33809: Li︠a︡tkher, V. M. (Viktor Mikhaĭlovich) author. 82361, Wind Power :
